000 01182nam a2200229Ii 4500
003 JO-AjNU
008 230605s9999||||xx |||||||||||||| ||und||
017 _a2008/20960
040 _aJO-AjNU
_bara
_erda
_cJO-AjNU
041 _aara
050 1 4 _aKRM920.2011
100 3 _aتأليف الشهاوى، عادل ؛ م، مشارك محمد الشهاوي,
_eauthor
_932508
245 0 0 _aموسوعة التشريعات الاقتصادية (1): المشكلات العملية الهامة وشرح قانون المحاكم الاقتصادية ( القانون رقم 120 لسنة 2008)
250 _aالطبعة الثانية
264 3 1 _aالقاهرة: دار النهضة العربية، 2011
300 _a405ص
_bيشتمل على المراجع الببلوغرافية باللغة العربية واللغة الأجنبية ص(367-376)
336 _atext
_btxt
_2rdacontent
337 _aunmediated
_bn
_2rdamedia
338 _avolume
_bnc
_2rdacarrier
490 0 _aموسوعة التشريعات الاقتصادية (1)
650 4 _aقانون المحاكم الاقتصادية -- مصر-- قانون العقوبات -- قانون التجارة
_932509
999 _aA13132
_c16700
_d16700